000 00785nam a2200253 a 4500
008
020 _a0397546521 (hbk.)
049 _aMAIN
090 0 1 _aRT48
_bFUL.
100 1 _aFuller, Jill.
245 1 0 _aHealth assessment :
_ba nursing approach /
_cJill Fuller, Jennifer Schaller-Ayers, with 6 contributors.
260 _aPhiladelphia :
_bLippincott,
_cc1990.
300 _axxvi, 600 p. :
_bill. ;
_c29 cm.
504 _aIncludes bibliographical references.
500 _aIncludes index.
650 0 _aNursing assessment.
650 0 _aPhysical diagnosis.
700 2 _aSchaller-Ayers, Jennifer.
907 _a.b10159149
_b17-03-14
_c11-03-05
003
005 20230120203847.0
040 _cNUST
942 _cBOOKS
_kRT48
_mFUL.
999 _c112781
_d112781